<The> Canadian journal of economics

Na minha lista:
Detalhes bibliográficos
Formato: Periódico
Idioma:inglês
Publicado em: Toronto Canadian Economics Association 2000
Assuntos:
Tags: Adicionar Tag
Sem tags, seja o primeiro a adicionar uma tag!

MARC

LEADER 00000nas2a2200000 4500
001 s124612
005 20221221065740.9
022 |a 0008-4085 
041 0 |a eng 
044 |a CA 
245 1 0 |a <The> Canadian journal of economics 
264 1 |a Toronto  |b Canadian Economics Association  |c 2000 
300 |a 2 zv. 
773 0 |w eu_un_cat*s120428 
610 2 0 |a ekonómia